Loading...
| Fine Arts - Auditory Fine Arts | 6 | 18.33 | 100% | 83% | 0% |
| Fine Arts - Other Fine Arts | 2 | 5.00 | 50% | 0% | 0% |
| Fine Arts - Visual Fine Arts | 4 | 10.00 | 100% | 0% | 0% |
| Geography | 1 | 10.00 | 100% | 0% | 0% |
| History - American History | 3 | 20.00 | 100% | 67% | 33% |
| History - European History | 5 | 14.00 | 80% | 60% | 0% |
| History - Other History | 5 | 20.00 | 100% | 40% | 60% |
| History - World History | 4 | 12.50 | 100% | 25% | 0% |
| Literature - American Literature | 5 | 12.00 | 100% | 20% | 0% |
| Literature - British Literature | 3 | 10.00 | 67% | 33% | 0% |
| Literature - European Literature | 5 | 14.00 | 100% | 40% | 0% |
| Literature - World Literature | 4 | 15.00 | 75% | 50% | 25% |
| Mythology | 6 | 13.33 | 83% | 33% | 17% |
| Philosophy | 2 | 10.00 | 100% | 0% | 0% |
| Pop Culture | 4 | 15.00 | 100% | 25% | 25% |
| Religion | 6 | 13.33 | 83% | 33% | 17% |
| Science - Biology | 4 | 12.50 | 100% | 25% | 0% |
| Science - Chemistry | 7 | 17.14 | 86% | 71% | 14% |
| Science - Other Science | 4 | 25.00 | 100% | 100% | 50% |
| Science - Physics | 6 | 21.67 | 100% | 83% | 33% |
| Social Science | 7 | 14.29 | 100% | 29% | 14% |